| 000 | 00973nam0a2200289 4500 | ||
|---|---|---|---|
| 001 | RU\NLR\BIBL_A\022276780 | ||
| 005 | 20250128194045.0 | ||
| 021 | _aRU | ||
| 035 | _a(NLR Aleph) 022276780 | ||
| 090 |
_a13323065 _c13323065 |
||
| 100 | _a20240712d1965 m y0rusy50 ca | ||
| 101 | 0 | _amol | |
| 102 | _aRU | ||
| 105 | _ay z 000 y | ||
| 181 | 0 |
_ai _baxxe |
|
| 182 | 0 | _an | |
| 200 | 1 |
_aДе ворбэ ку лумя _fПетря Крученюк |
|
| 203 |
_aТекст _bвизуальный _cнепосредственный |
||
| 210 |
_aКишинэу _cЕдитура "Картя Молдовеняскэ" _d1965 |
||
| 215 |
_a155,[1] с. _d14 |
||
| 541 | 1 |
_aРазговор с людьми _e[стихи] _zrus |
|
| 686 | 1 | _aШ6(2=Мол.)7-5 | |
| 700 | 1 |
_4070 _7ca _8rus _aКрученюк _bП. А. _f1917-1988 _gПетр Аксентьевич _92706224 _3RU\NLR\AUTH\770292669 |
|
| 852 |
_aNLR _bОНЛ _jМолд./1-277 |
||
| 942 | _cBOOK | ||
| 980 | _aNB | ||